Największe stadiony w Polsce na mapie - Statystyki

Ogólne statystyki
  • Ten quiz został rozwiązany 760 razy
  • Średni wynik to 7 z 10
Odpowiedzi na mapie
Odpowiedzi zakodowano w zielono-czerwonej skali na mapie do tego quizu, zgodnie z poniższymi procentami.
 
Statystyki odpowiedzi
#
Ilość miejsc Nazwa % Poprawnych
1. 58 580 Stadion Narodowy w Warszawie
91%
5. 41 420 Arena Gdańsk
74%
3. 42 837 Stadion Poznań
74%
4. 42 771 Stadion Wrocław
74%
6. 33 130 Stadion Miejski im. Henryka Reymana w Krakowie
73%
9. 22 372 Stadion Miejski w Białymstoku
73%
10. 21 163 Stadion Miejski im. Floriana Krygiera w Szczecinie
72%
2. 55 211 Stadion Śląski w Chorzowie
72%
7. 31 106 Stadion Miejski Legii Warszawa im. Marszałka Józefa Piłsudskiego
69%
8. 24 563 Arena Zabrze
61%
Nie znaleziono quizów pasujących do podanych kryteriów
Rozkład punktacji
Procent ludzi z każdym wynikiem
Percentyl według liczby udzielonych odpowiedzi
Twoja historia wyników
Nie rozwiązałeś tego quizu